| 000 | 00350nam a2200109Ia 4500 | ||
|---|---|---|---|
| 008 | 171204s9999 xx 000 0 und d | ||
| 245 | _aFestivalisation of Urban Spaces: Factors, Processes and Effects | ||
| 245 | _cWaldemar Cudny | ||
| 260 | _c2016 | ||
| 650 | _xWorld Tourism with Geography | ||
| 856 | _uhttp://down.ebook777.com/043/9783319319957.pdf | ||
| 999 |
_c346740 _d346740 |
||